La fortune des Rougon / (Record no. 168190)

MARC details
000 -LEADER
campo de control de longitud fija 00900nam a22002175i 4500
001 - NÚMERO DE CONTROL
campo de control 168190
003 - IDENTIFICADOR DE NÚMERO DE CONTROL
campo de control ES-MaACL
005 - FECHA Y HORA DE LA ÚLTIMA TRANSACCIÓN
campo de control 20250717013105.0
008 - DATOS DE LONGITUD FIJA--INFORMACIÓN GENERAL
campo de control de longitud fija 051005s1871 fr | |||||||| ||fre d
040 ## - FUENTE DE CATALOGACIÓN
Centro catalogador/agencia de origen CAM
Lengua de catalogación spa
Centro/agencia transcriptor CAM
080 ## - NÚMERO DE LA CLASIFICACIÓN DECIMAL UNIVERSAL
Número de la Clasificación Decimal Universal 821.133.1-31"18"
100 1# - ENTRADA PRINCIPAL--NOMBRE DE PERSONA
Nombre de persona Zola, Émile,
Fechas asociadas al nombre 1840-1902
9 (RLIN) 118331
245 13 - MENCIÓN DEL TÍTULO
Título La fortune des Rougon /
Mención de responsabilidad, etc. par Émile Zola.
260 ## - PUBLICACIÓN, DISTRIBUCIÓN, ETC.
Lugar de publicación, distribución, etc. Paris :
Nombre del editor, distribuidor, etc. Librairie International A. Lacroix, Verboeckhoven et Cie.,
Fecha de publicación, distribución, etc. 1871 (
Fabricante Imp. Émile Voitelain et Cie.)
300 ## - DESCRIPCIÓN FÍSICA
Extensión 400 p. ;
Dimensiones 19 cm.
490 1# - MENCIÓN DE SERIE
Mención de serie Les Rougon-Macquart. Histoire naturelle et sociale d'une famille sous le Second Empire ;
Designación de volumen o secuencia 1
596 ## - NOTA AL PIE DE IMPRENTA
NOTA AL PIE DE IMPRENTA Pie de imp. de la cub. fechado en 1872.
830 00 - PUNTO DE ACCESO ADICIONAL DE SERIE-TÍTULO UNIFORME
Título uniforme Les Rougon-Macquart: histoire naturelle et sociale d'une famille sous le Second Empire
Designación de volumen o secuencia 1
9 (RLIN) 188784
852 ## - LOCALIZACIÓN
Ubicación ES-MaACL
Número de control de estantería C-3482
Nota libre -- Legado de M. de la Fuente
Holdings
Estatus retirado Estado de pérdida Estado de daño No para préstamo Colección Biblioteca de origen Biblioteca actual Ubicación en estantería Fecha de adquisición Fuente de adquisición Total de préstamos Signatura topográfica completa Código de barras Visto por última vez Precio de reemplazo Tipo de ítem Koha
        Libros del s. XIX Biblioteca del Ateneo de Madrid Biblioteca del Ateneo de Madrid Sala Palomar 17/01/2008     C-3482 1176475 23/02/2023 23/02/2023 Libro impreso antiguo